Les Meilleurs Clubs De Football Par Lettres - Statistiques

Statistiques générales
  • Ce quiz a été pris 214 fois
  • Le résultat moyen est 10 sur 26
Statistiques - réponses
Lettres Club % Correct
R Real Madrid
87%
B Barcelone
86%
A Arsenal
84%
P PSG
81%
M Manchester City
75%
C Chelsea
73%
L Liverpool
71%
D Dortmund
67%
I Inter Milan
60%
J Juventus
58%
T Tottenham
39%
E Everton
25%
F Francfort
21%
G Galatasaray
19%
N Napoli
18%
V Villarreal
18%
S SP
16%
Y Young Boys
12%
H Hambourg
11%
O Olympique de Marseille
10%
Z Zenith
9%
Q Qarabag
8%
U Udinese
6%
K Konyaspor
1%
W West Ham United
1%
X Xerez
1%
Aucun quiz correspondant
Distribution des résultats
% des personnes avec chaque résultat
Percentile par nombre de réponses
Votre historique - résultats
Vous n’avez pas pris ce quiz